000 00676nam a2200217 4500
010 _aB-017732
020 _a8176481408
_c00.00
035 _aB-017732
037 _aCen Lib/Ret
040 _aDPL
_bEN
082 _a615.321095453
_bGHO
100 _aGhosh, G.K.
245 _aHerbs of Manipur /
_cby G. K. Ghosh
260 _aNew Delhi
_b A.P.H. Publishing Corpration
_c2000
270 _a5, Ansari Road, Darya Ganj
_bNew Delhi
_e110002
300 _a2 v. (v 1. 619 ; v 2. 621-1164)
500 _a2 v. ; v 1. (available) ; v 2. (available).
650 _aPlants, Medicinal
650 _aMedicine, Ayurvedic
942 _2ddc
_cEN
_h615.321095453
_mGHO
999 _c136424
_d136424